Confessioni /

Uloženo v:
Podrobná bibliografie
Hlavní autor: Verlaine, Paul (Autor)
Další autoři: Bajini, Sandro (Překladatel), Fargue, Léon Paul (Autor úvodu atd.)
Médium: Kniha
Jazyk:italština
Vydáno: Milano : Adelphi, 1984
Vydání:2. ed.
Edice:Piccola biblioteca Adelphi ; 43
Témata:
Tagy: Přidat tag
Žádné tagy, Buďte první, kdo vytvoří štítek k tomuto záznamu!

MARC

LEADER 00000nam a22000007i 4500
001 IT\ICCU\RAV\0034845
003 ItRI
005 20260115231914.0
008 881117s1984 it |||||| ||||| |||||c
020 |a 8845901947 
020 |a 9788845901942 
040 |b ita  |c importazione bologna sebina 
041 7 |a ita  |2 ISO-639-2 
082 |a 848.8  |9 Miscellanea francese. 1848-1900  |2 20 
100 1 |a Verlaine, Paul  |0 IT\ICCU\CFIV\010732  |4 aut 
240 1 0 |a Confessions  |3 IT\ICCU\RAV\0070882  |9 Verlaine, Paul 
245 1 0 |a Confessioni /  |c Paul Verlaine. 
250 |a 2. ed. 
260 |a Milano :  |b Adelphi,  |c 1984 
300 |a 180 p. ;  |c 18 cm 
500 |a Introduzione di Léon-Paul Fargue, traduzione e note di Sandro Bajini 
650 7 |a VERLAINE, PAUL  |x Autobiografia  |2 scbi 
700 1 |a Bajini, Sandro  |0 IT\ICCU\CFIV\052790  |4 trl 
700 1 |a Fargue, Léon Paul  |0 IT\ICCU\BRIV\000710  |4 aui 
790 1 |a Verlaine, Paul Marie  |3 IT\ICCU\SBNV\032044  |z Verlaine, Paul 
830 0 |a Piccola biblioteca Adelphi ;  |v 43  |0 IT\ICCU\CFI\0003745 
942 |2 ddc  |c BK  |n 0 
952 |0 0  |1 0  |4 0  |6 DOC_848_803000000000000_VER  |7 0  |9 16016  |a BO  |b BO  |d 2026-01-15  |i 1775  |l 0  |o DOC 848.803 VER  |p BO1775  |r 2026-01-15 23:19:14  |w 2026-01-15  |x [Sebina 5] [1 v.]  |y BK  |z 1 v. 
999 |c 13769  |d 13769